| 000 | 00395nam a2200169Ia 4500 | ||
|---|---|---|---|
| 003 | OSt | ||
| 005 | 20240127143021.0 | ||
| 008 | 170619s9999 xx 000 0 und d | ||
| 020 | _a9788178084534 | ||
| 040 | _cIIMT ENGINEERING COLLEGE | ||
| 100 | _aWood- Frank | ||
| 245 | 0 | _aBusiness accounting - 2 | |
| 260 | _bNew Delhi Pearson | ||
| 260 | _c2001 | ||
| 546 | _aENGLISH | ||
| 942 |
_2ddc _c01 |
||
| 999 |
_c21778 _d21778 |
||